00434nam a2200169Ia 450000100060000000800410000602000180004704000130006508200190007810000190009724500540011626000450017030000110021554600070022665000110023370000200024460858141120s9999 xx 000 0 und d a9780297871583 cPK-LaUMT a 956.94bSHA-I aShapira, Anita aIsraelba historycShapira, Anita|Berris, Anthony aLondon,UK:bWeidenfeld & Nicolson,c2012 a502 p. aEN aIsrael aBerris, Anthony